15 Largest Cities in Brazil🇧🇷 - Statistics

General Stats
  • This quiz has been taken 100 times
    74 since last reset
  • The average score is 11 of 15
Answer Stats
Population City % Correct
6.7 mil Rio de Janeiro
100%
12.3 mil Sao Paulo
100%
3 mil Brasilia
98%
2.5 mil Belo Horizonte
91%
2.2 mil Manaus
90%
2.9 mil Salvador
83%
2.7 mil Fortaleza
81%
1.6 mil Recife
81%
1.4 mil Porto Alegre
79%
1.5 mil Belem
71%
1.9 mil Curitiba
69%
1.5 mil Goiania
48%
1.2 mil Campinas
43%
1.1 mil Sao Luis
40%
1.4 mil Guarulhos
24%
No matching quizzes found
Score Distribution
Percent of People with Each Score
Percentile by Number Answered
Your Score History
You have not taken this quiz since the last reset